Responses for Show #1271 - Monday, February 26, 1990

Erik Larsen game 4.

Contestants

[<< previous game]

David Marcus, an attorney from Hollywood, California

Isabel Leininger, a housewife originally from Maryland

Erik Larsen, a temporary secretary originally from Chicago, Illinois (whose 3-day cash winnings total $28,000)

[next game >>]

Jeopardy! Round responses

WORLD HISTORY
BIRDS
FAMOUS FOLKS
AROUND THE HOUSE
TV TRIVIA
___THE___
(in all the responses there are 3 words; you have to provide the 2 missing ones; "the" will appear in the middle in all cases)
    $100 1
The Spanish Inquisition

Isabel
    $100 16
(Erik: What is a mockingbird?)

mynah birds

ErikDavid
    $100 18
Erno Rubik

Erik
    $100 11
Molasses

Erik
    $100 23
The Batmobile

Erik
    $100 6
Tie The Knot

Erik
    $200 2
Waterloo

Erik
    $200 17
(Isabel: What is break their necks, shake them around till their necks break?)
(Alex: Nooo... you weren't specific enough.)

biting in the head or neck

Isabel
Triple Stumper
    $200 19
Yeager

David
    $200 12
Latex

David
    $200 24
Dom DeLuise & Jackie Gleason

Erik
    $200 7
Take The Fifth

Erik
    $300 3
Rasputin

Erik
    $1,500 28
(D: What is a trumpeter swan?)

Mute Swan

David
    $300 20
Pat Robertson

David
    $300 13
Dutch Door

Erik
    $300 25
The Shady Rest

David
    $300 8
"Ban The Bomb"

Erik
    $400 4
Great Britain

Erik
    $400 29
The Maoris

David
    $400 21
Hatchet

Erik
    $400 14
Knife

Isabel
    $400 26
Naval Air Station

David
    $400 9
See The Light

Erik
    $500 5
(David: Who is Tutankhamun?)

Ramses II

David
Triple Stumper
    $500 30
Mesozoic Era

Isabel
    $500 22
Alan Greenspan

David
    $500 15
Valence

David
    $500 27
(A: Fun show!)

"F Troop"

Triple Stumper
    $500 10
(Alex: Well done in that category! You ran right through it!)

Bell The Cat

Erik

Scores at the first commercial break (after clue 15):

Erik Isabel David
$2,800 $500 $200

Scores at the end of the Jeopardy! Round:

Erik Isabel David
$3,500 $800 $900

Double Jeopardy! Round responses

ASIA
INTERNATIONAL COOKING
ART
PRESIDENTS & FIRST LADIES
THEATER
LEFTOVERS
    $200 27
Africa

Erik
    $200 7
Pancakes

Erik
    $200 1
Halos

Erik
    $200 17
Grace Coolidge

Erik
    $200 2
Honey

Erik
    $200 16
(E: What is Q?)

X

ErikDavid
    $400 28
Iran-Iraq War

David
    $400 8
Welsh Rarebit

David
    $400 12
Rembrandt

Isabel
    $400 18
Jacqueline Kennedy

David
    $400 3
Holiday

Erik
    $400 22
Dr. Martin Luther King, Jr.

Erik
    $600 29
Japan

Erik
    $600 9
Hors D' Oeuvres

Isabel
    $1,500 13
(Isabel: Who is Manet... Monet?)
(Alex: You missed it by one silly little vowel!)

Claude Monet

Isabel
    $600 19
Ulysses S. Grant

Triple Stumper
    $600 4
Choreography

Erik
    $600 23
Hudson's Bay point blankets (Hudson Bay blankets accepted)

Isabel
    $800 26
Yemen

Erik
    $800 10
China

Erik
    $800 14
(E: Who is Breugel?)

Peter Paul Rubens

Erik
Triple Stumper
    $800 20
Edith & Ellen

Erik
    $2,000 5
"Man of La Mancha"

Erik
    $800 24
Holographic

David
    $1000 30
Laos

David
    $1000 11
Greece

Erik
    $1000 15
Dada/Dadaism

Erik
    $1000 21
The (Grover) Clevelands

Triple Stumper
    $1000 6
Dionysus

Erik
    $1000 25
(Isabel: What is "The Star-Spangled Banner"?)

"God Save The Queen" (or "God Save The King")

IsabelDavid

Scores at the end of the Double Jeopardy! Round:

Erik Isabel David
$12,900 -$100 $5,100
(lock game)

[wagering suggestions for these scores]

Final Jeopardy! Round responses

U.S. STATES
(Alex: Erik, we'll see you back here tomorrow as you try to become a 5-time champion in order to qualify for next year's $100,000 Tournament of Champions.)
DavidWhat is Vermont Hawaii?
$5,100
ErikWhat is Connecticut?
$1,500
Connecticut

Final scores:

Erik Isabel David
$14,400 -$100 $0
4-day champion: $42,400 3rd place: Merillat Shelving System 2nd place: Flatware set & Flooring

Game dynamics:

Coryat scores:

Erik Isabel David
$11,700 $1,400 $6,600
30 R
(including 1 DD),
3 W
6 R,
3 W
(including 1 DD)
16 R,
2 W
(including 1 DD)

Combined Coryat: $19,700

[game clues] [game scores] [suggest correction]

Game tape date: 1989-10-11
The J! Archive is created by fans, for fans. Scraping, republication, monetization, and malicious use prohibited; this site may use cookies and collect identifying information. See terms. The Jeopardy! game show and all elements thereof, including but not limited to copyright and trademark thereto, are the property of Jeopardy Productions, Inc. and are protected under law. This website is not affiliated with, sponsored by, or operated by Jeopardy Productions, Inc. Join the discussion at JBoard.tv.